Music Quiz

Random Music or Song Quiz

Jazz Drummers & Well Known Songs Quiz Stats

Quiz not verified by Sporcle

Challenge
Share
Tweet
Embed
Score 0/12 Timer 08:00
0 Plays Today
Song Drummer % Correct
Afro Blue Elvin Jones
88.2%
Moanin'Art Blakey
85.2%
Cherokee Max Roach
76.9%
Bemsha Swing Max Roach
76.9%
Take Five Joe Morello
57.4%
Freddie Freeloader Jimmy Cobb
53.8%
50 Ways to Leave your Lover Steve Gadd
48.5%
Free Jazz Billy Higgins
33.7%
Bitches Brew Jack DeJohnette
32.5%
Tenor Madness Philly Joe Jones
29.6%
Bitches Brew Lenny White
19.5%
Season of Changes Brian Blade
12.4%

You're not logged in!

Compare scores with friends on all Sporcle quizzes.
Sign Up with Email
OR
Log In

You Might Also Like...

Show Comments

Extras

Top Quizzes Today


Score Distribution

Your Account Isn't Verified!

In order to create a playlist on Sporcle, you need to verify the email address you used during registration. Go to your Sporcle Settings to finish the process.

Report this User

Report this user for behavior that violates our Community Guidelines.

Details: